[Event "West Suburban Winter GP"]
[Site "USA"]
[Date "1988.01.30"]
[Round "?"]
[White "Dymond, David"]
[Black "Curdo, John"]
[Result "0-1"]
[WhiteElo "2203"]
[BlackElo "2474"]
[PlyCount "58"]
[EventDate "1988.??.??"]
[EventType "swiss"]
[EventRounds "5"]
[EventCountry "USA"]
[SourceTitle "EXT 2005"]
[Source "ChessBase"]
[SourceDate "2004.11.15"]
[SourceVersion "1"]
[SourceVersionDate "2004.11.15"]
[SourceQuality "1"]

1. e4 e5 2. Nf3 Nc6 3. Bb5 a6 4. Ba4 d6 5. c3 Bg4 6. h3 Bh5 7. d3 Nf6 8. Qe2 Be7 9. Nbd2 0-0 10. Nf1 Nd7 11. g4 Bg6 12. Ng3 Nc5 13. Bc2 d5 14. Nf5 d4 15. cxd4 Bxf5 16. gxf5 Nxd4 17. Nxd4 Qxd4 18. Rg1 Rfd8 19. Bh6 g6 20. 0-0-0 a5 21. Be3 Qb4 22. fxg6 hxg6 23. Kb1 Ra6 24. Qh5 a4 25. a3 Qb5 26. d4 Rb6 27. Bc1 exd4 28. Bd3 Nxd3 29. Rxg6+ fxg6 0-1

[Event "West Suburban Winter GP"]
[Site "USA"]
[Date "1988.01.30"]
[Round "?"]
[White "Dymond, David"]
[Black "Fang, Joseph"]
[Result "0-1"]
[WhiteElo "2203"]
[BlackElo "2416"]
[PlyCount "52"]
[EventDate "1988.??.??"]
[EventType "swiss"]
[EventRounds "5"]
[EventCountry "USA"]
[SourceTitle "EXT 2005"]
[Source "ChessBase"]
[SourceDate "2004.11.15"]
[SourceVersion "1"]
[SourceVersionDate "2004.11.15"]
[SourceQuality "1"]

1. e4 g6 2. d4 Bg7 3. Nc3 d6 4. f4 c6 5. Nf3 Qb6 6. Rb1 Bg4 7. e5 Bxf3 8. Qxf3 Qxd4 9. Be3 Qb4 10. Bb5 dxe5 11. 0-0 e4 12. Qh3 Nd7 13. Nd5 Qd6 14. f5 cxd5 15. c4 Ngf6 16. c5 Qc7 17. b4 0-0 18. Bf4 Ne5 19. g4 g5 20. Bg3 a5 21. a3 axb4 22. axb4 Ra2 23. Rfd1 Rfa8 24. Rdc1 R8a3 25. c6 Rxg3+ 26. Qxg3 Nf3+ 0-1